|
|
|
|
| LEADER |
00000nam a2200000 4500 |
| 008 |
170322b2008 mx a|||| |||| 00| | spa d |
| 999 |
|
|
|c 3414
|d 3414
|
| 020 |
|
|
|a 9789701057597
|
| 090 |
|
|
|a 18.03.00
|b 787
|
| 100 |
1 |
|
|9 1597
|a Hernández Sampieri, Roberto
|
| 245 |
1 |
0 |
|a Metodología de la investigación /
|c Roberto Hernández Sampieri, Carlos Fernández Collado, Pilar Baptista Lucio
|
| 250 |
|
|
|a cuarta edición
|
| 260 |
|
|
|a México :
|b McGraw-Hill,
|c 2008
|
| 300 |
|
|
|a xliv, 850 páginas:
|b ilustraciones
|
| 650 |
1 |
4 |
|9 288
|a MÉTODOS DE INVESTIGACIÓN
|
| 700 |
1 |
|
|9 1599
|a Fernández Collado, Carlos
|
| 700 |
1 |
|
|9 1600
|a Baptista Lucio, Pilar
|
| 942 |
|
|
|i 004321
|h 18.03.00 787
|2 z
|c 01
|